[Event "Mittelfrankenliga 05/06 (B2a)"]
[Site "Mfr.2005/06-R7"]
[Date "2006.03.19"]
[Round "7.4"]
[White "Radeck, Jochen,Dr."]
[Black "Weidenhoefer, Martin"]
[Result "1-0"]
[WhiteElo "1891"]
[BlackElo "1910"]
[Annotator "Forchheim3-Neumarkt1"]
[PlyCount "75"]
[EventDate "2006.03.19"]
[SourceDate "2005.10.17"]

1. Nf3 Nf6 2. c4 g6 3. g3 Bg7 4. Bg2 O-O 5. O-O c5 6. Nc3 Nc6 7. e3 d6 8. d4
Bg4 9. h3 Bf5 10. d5 Na5 11. Qe2 Ne4 12. Nxe4 Bxe4 13. Ng5 Bxg2 14. Kxg2 h6 15.
Nf3 Qb6 16. Rb1 Qa6 17. b3 Rab8 18. Bb2 b5 19. Bxg7 Kxg7 20. cxb5 Qxb5 21. Qxb5
Rxb5 22. Rbc1 Rfb8 23. Nd2 Rb4 24. Rc2 Kf6 25. f4 e6 26. dxe6 fxe6 27. Kf3 Nb7
28. Ne4+ Ke7 29. Rd1 a5 30. Nxd6 Nxd6 31. Rxc5 Nb5 32. a4 Nd6 33. Rc7+ Kd8 34.
Rc6 Rxb3 35. Rdxd6+ Ke7 36. Rxe6+ Kf7 37. Rf6+ Ke7 38. Rxg6 1-0

[Event "Mittelfrankenliga 05/06 (B2a)"]
[Site "Mfr.2005/06-R7"]
[Date "2006.03.19"]
[Round "7.5"]
[White "Kipferl, Wolfgang,Dr."]
[Black "Gueldner, Udo"]
[Result "1-0"]
[WhiteElo "1832"]
[BlackElo "1746"]
[Annotator "Forchheim3-Neumarkt1"]
[PlyCount "93"]
[EventDate "2006.03.19"]
[SourceDate "2005.10.17"]

1. e4 c6 2. d4 d5 3. exd5 cxd5 4. Bf4 e6 5. Nf3 Nf6 6. Bd3 Nc6 7. O-O Bd6 8.
Qd2 Bxf4 9. Qxf4 Nb4 10. Rd1 Bd7 11. Na3 Rc8 12. Nb5 O-O 13. Na3 Qb6 14. Qc1
Rc7 15. c3 Nxd3 16. Rxd3 Bb5 17. Nxb5 Qxb5 18. Re3 Ne4 19. Nd2 f5 20. f3 Nxd2
21. Qxd2 Rf6 22. Rae1 Kf7 23. Re5 Rc6 24. R1e2 Qc4 25. a3 b5 26. Qg5 h6 27.
Qh5+ Kf8 28. g4 fxg4 29. Qxg4 Qd3 30. Kf2 Qg6 31. Qh4 Kf7 32. Qh3 a5 33. Qf1 b4
34. axb4 axb4 35. Qa1 bxc3 36. Qa7+ Kg8 37. Qa8+ Kh7 38. Qxc6 cxb2 39. Rxb2 Qd3
40. Re3 Qxd4 41. Qc2+ Rf5 42. Qd2 Qh4+ 43. Kg2 Rg5+ 44. Kh1 Qh3 45. Qd3+ Rg6
46. f4 Qh5 47. Rg2 1-0

[Event "Mittelfrankenliga 05/06 (B2a)"]
[Site "Mfr.2005/06-R7"]
[Date "2006.03.19"]
[Round "7.6"]
[White "Walter, Eugen[58]"]
[Black "Niebler, Andreas"]
[Result "1-0"]
[WhiteElo "1798"]
[BlackElo "1826"]
[Annotator "Forchheim3-Neumarkt1"]
[PlyCount "101"]
[EventDate "2006.03.19"]
[SourceDate "2005.10.17"]

1. e4 e6 2. Qe2 Be7 3. f4 d5 4. d3 Nf6 5. Nf3 b6 6. e5 Nfd7 7. c3 c5 8. Be3 Nc6
9. d4 Qc7 10. Na3 a6 11. Nc2 c4 12. g3 b5 13. Bd2 Nb6 14. Bh3 g6 15. O-O Bd7
16. Ne3 O-O-O 17. b3 Na5 18. Rab1 Kb8 19. Ng4 h6 20. Ne3 Ka7 21. g4 Rdg8 22.
Kh1 Qc8 23. f5 gxf5 24. gxf5 exf5 25. Ng1 Rg5 26. Qf3 f4 27. Bxd7 Qxd7 28. Qxf4
Rhg8 29. Qf3 R5g6 30. Ne2 Bg5 31. b4 Nc6 32. Qxf7 R8g7 33. Qxd7+ Nxd7 34. Nf4
Bxf4 35. Rxf4 Nd8 36. Rbf1 h5 37. R4f2 Nb6 38. Rg2 Rxg2 39. Nxg2 Ne6 40. Rf5
Rh7 41. Rf6 Nc7 42. h4 Nd7 43. Rf5 a5 44. a3 axb4 45. axb4 Kb7 46. Nf4 Kc8 47.
e6 Nb6 48. Rf8+ Kb7 49. Rf7 Rh8 50. e7 Nd7 51. e8=Q 1-0

[Event "Mittelfrankenliga 05/06 (B2a)"]
[Site "Mfr.2005/06-R7"]
[Date "2006.03.19"]
[Round "7.7"]
[White "Moesl, Sebastian"]
[Black "Schwab, Edgar"]
[Result "0-1"]
[WhiteElo "1793"]
[BlackElo "1866"]
[Annotator "Forchheim3-Neumarkt1"]
[PlyCount "152"]
[EventDate "2006.03.19"]
[SourceDate "2005.10.17"]

1. e4 c6 2. d4 d5 3. Nc3 dxe4 4. Nxe4 Nd7 5. Nf3 Ndf6 6. Ng3 Bg4 7. Be2 e6 8.
O-O Ne7 9. c3 Nf5 10. Nxf5 Bxf5 11. Re1 Bd6 12. h3 Qc7 13. Bd3 Bxd3 14. Qxd3
O-O-O 15. a4 h6 16. b4 g5 17. Nd2 g4 18. Nc4 gxh3 19. Nxd6+ Qxd6 20. Qxh3 Rhg8
21. Qf3 Qd5 22. Qxd5 Nxd5 23. Bd2 Rg6 24. Re5 Rdg8 25. g3 f5 26. Kh2 f4 27. Rg1
Nf6 28. Ra5 Ng4+ 29. Kg2 fxg3 30. fxg3 Nf6 31. Kh2 a6 32. b5 Ng4+ 33. Kh3 Nf2+
34. Kh2 axb5 35. axb5 cxb5 36. Ra8+ Kd7 37. Rxg8 Rxg8 38. Re1 Rg6 39. Kg2 Ng4
40. Bf4 Nf6 41. Re5 Nd5 42. Bd2 Rf6 43. Rh5 b6 44. Rh1 Kd6 45. Rb1 Kc6 46. Rh1
Kd7 47. Rb1 Kc6 48. Rh1 Rg6 49. Rf1 Nf6 50. Re1 Nh5 51. Re3 Nf4+ 52. Kf2 Nh3+
53. Kg2 Ng5 54. Re5 Nf7 55. Re3 Kd5 56. Rf3 Ng5 57. Rf8 Ne4 58. Be1 Kc4 59. Rf3
h5 60. Re3 Kd5 61. Kf1 Rf6+ 62. Ke2 Rf5 63. Kd3 Nd6 64. Ke2 Nc4 65. Rf3 Ke4 66.
Rxf5 exf5 67. Bf2 Nd6 68. Be1 Ne8 69. Bd2 Nf6 70. Bg5 Nd5 71. Kd2 Kf3 72. Bh4
Kg4 73. Kd3 f4 74. c4 bxc4+ 75. Kxc4 f3 76. Kd3 b5 0-1

[Event "Mittelfrankenliga 05/06 (B2a)"]
[Site "Mfr.2005/06-R7"]
[Date "2006.03.19"]
[Round "7.8"]
[White "Geier, Erhard"]
[Black "Runde, Eduard"]
[Result "1/2-1/2"]
[WhiteElo "1733"]
[BlackElo "1614"]
[Annotator "Forchheim3-Neumarkt1"]
[PlyCount "106"]
[EventDate "2006.03.19"]
[SourceDate "2005.10.17"]

1. e4 e5 2. Nf3 Nc6 3. Bb5 d6 4. d4 Bd7 5. O-O Nf6 6. Re1 a6 7. Ba4 b5 8. Bb3
Bg4 9. c3 exd4 10. cxd4 Be7 11. Nc3 O-O 12. a4 b4 13. Nd5 Rb8 14. Nxe7+ Qxe7
15. Bg5 h6 16. Bh4 Bxf3 17. gxf3 g5 18. Bg3 Nh5 19. Rc1 Qd7 20. Qd3 Nf4 21.
Bxf4 gxf4 22. e5 Kh8 23. Bc2 Rg8+ 24. Kh1 Rg7 25. Rg1 Rbg8 26. Rxg7 Rxg7 27.
Rg1 Qh3 28. Rxg7 Kxg7 29. Qh7+ Kf8 30. Qh8+ Ke7 31. Qf6+ Ke8 32. Kg1 Nxd4 33.
Bd1 Nxf3+ 34. Bxf3 Qxf3 35. exd6 Qd1+ 36. Kg2 Qxd6 37. Qh8+ Ke7 38. Kf3 c5 39.
Qa8 c4 40. Qe4+ Qe6 41. Qb7+ Kf6 42. Qxb4 Qh3+ 43. Kxf4 Qxh2+ 44. Kf3 Qh3+ 45.
Ke2 Qd3+ 46. Ke1 Qe4+ 47. Kd1 Qe6 48. Qc3+ Ke7 49. Qb4+ Kf6 50. Qc3+ Kg6 51.
Qc2+ f5 52. Qc3 Qe4 53. Qg3+ Kf6 1/2-1/2

[Event "Mittelfrankenliga 05/06 (B2a)"]
[Site "Mfr.2005/06-R7"]
[Date "2006.03.19"]
[Round "7.1"]
[White "Krisin, Joachim"]
[Black "Goetz, Dieter[65]"]
[Result "1-0"]
[WhiteElo "1898"]
[BlackElo "1872"]
[Annotator "Nbg.1911/2-Siem.Erlangen1"]
[PlyCount "119"]
[EventDate "2006.03.19"]
[SourceDate "2005.10.17"]

1. b3 Nf6 2. Bb2 d6 3. f4 g6 4. Nf3 Bg7 5. e3 O-O 6. Be2 c5 7. O-O Nc6 8. c4
Bf5 9. Nc3 Ne4 10. d4 Nxc3 11. Bxc3 cxd4 12. Nxd4 Qb6 13. Qd2 Be4 14. Bf3 Bxf3
15. Nxf3 e5 16. Kh1 Rad8 17. Rad1 Rfe8 18. Rfe1 e4 19. Nd4 Rd7 20. h3 d5 21.
Nxc6 bxc6 22. Bxg7 Kxg7 23. Qc3+ Kg8 24. Rd4 Red8 25. Red1 Qb7 26. c5 Qa6 27.
Ra4 Qe2 28. Qd2 Qb5 29. Ra5 Qb7 30. Qc3 Qc7 31. Rd4 h5 32. Ra6 Qb7 33. Qa5 Kg7
34. Qa4 Rc8 35. Rb4 Qc7 36. Qa5 Qxa5 37. Rxa5 Re8 38. Rd4 h4 39. Ra6 Re6 40.
Kg1 Kf6 41. Rda4 g5 42. fxg5+ Kxg5 43. Rxa7 Rxa7 44. Rxa7 f5 45. Rd7 f4 46. Kf2
Rf6 47. b4 f3 48. a4 fxg2+ 49. Kxg2 Rf3 50. b5 cxb5 51. Rxd5+ Kf6 52. axb5 Rxe3
53. b6 Re2+ 54. Kf1 Rb2 55. Rd7 Ke5 56. b7 Kf4 57. c6 Ke3 58. Ke1 Rb1+ 59. Rd1
Rb2 60. Ra1 1-0

[Event "Mittelfrankenliga 05/06 (B2a)"]
[Site "Mfr.2005/06-R7"]
[Date "2006.03.19"]
[Round "7.2"]
[White "Hannweber, Markus"]
[Black "Guenther, Torsten"]
[Result "0-1"]
[WhiteElo "1853"]
[BlackElo "1978"]
[Annotator "Nbg.1911/2-Siem.Erlangen1"]
[PlyCount "36"]
[EventDate "2006.03.19"]
[SourceDate "2005.10.17"]

1. e4 e6 2. d4 d5 3. exd5 exd5 4. Bd3 Nc6 5. c3 Bd6 6. Ne2 Nge7 7. O-O Bg4 8.
Re1 Qd7 9. Nd2 O-O-O 10. b4 Rde8 11. Nb3 Ng6 12. f3 Bxf3 13. gxf3 Qh3 14. Ng3
Bxg3 15. Rxe8+ Rxe8 16. hxg3 Qxg3+ 17. Kf1 Nh4 18. Qd2 Re1+ 0-1

[Event "Mittelfrankenliga 05/06 (B2a)"]
[Site "Mfr.2005/06-R7"]
[Date "2006.03.19"]
[Round "7.3"]
[White "Poelsterl, Hans"]
[Black "Dereser, Marc"]
[Result "1-0"]
[WhiteElo "1852"]
[BlackElo "1851"]
[Annotator "Nbg.1911/2-Siem.Erlangen1"]
[PlyCount "92"]
[EventDate "2006.03.19"]
[SourceDate "2005.10.17"]

1. c4 Nf6 2. Nc3 e6 3. e4 d6 4. d4 Be7 5. Nf3 O-O 6. Be2 Nbd7 7. Be3 e5 8. h3
b6 9. Qc2 Bb7 10. O-O exd4 11. Nxd4 Re8 12. Rfe1 Bf8 13. Bd3 Nc5 14. Bg5 Nxd3
15. Qxd3 h6 16. Bh4 g5 17. Bg3 Nh5 18. Bh2 a6 19. Rad1 Qf6 20. Nd5 Bxd5 21.
cxd5 Bg7 22. b3 Nf4 23. Qc4 Ra7 24. Nf5 Ng6 25. Qc6 Rd8 26. b4 Ne7 27. Nxe7+
Qxe7 28. f4 Qd7 29. Qc1 g4 30. hxg4 Qxg4 31. Rd3 Kh7 32. Qc2 Qh4 33. Rf1 Kh8
34. Rh3 Qe7 35. f5 Qf6 36. Bf4 Re8 37. Qc1 Rxe4 38. Bxh6 Kg8 39. Bg5 Qd4+ 40.
Kh1 Rg4 41. f6 Qxd5 42. Qc2 Qxg5 43. Qh7+ Kf8 44. fxg7+ Qxg7 45. Qf5 Qg6 46.
Qc8+ Kg7 1-0

[Event "Mittelfrankenliga 05/06 (B2a)"]
[Site "Mfr.2005/06-R7"]
[Date "2006.03.19"]
[Round "7.4"]
[White "Leibing, Kai-Ingo"]
[Black "Mueller, Stefan[65]"]
[Result "0-1"]
[WhiteElo "1850"]
[BlackElo "1967"]
[Annotator "Nbg.1911/2-Siem.Erlangen1"]
[PlyCount "54"]
[EventDate "2006.03.19"]
[SourceDate "2005.10.17"]

1. b3 e5 2. Bb2 Nc6 3. g3 d6 4. Bg2 Nf6 5. d3 g6 6. Nd2 Bg7 7. Ngf3 O-O 8. O-O
h6 9. c4 Be6 10. a3 Qd7 11. e3 Bh3 12. b4 Bxg2 13. Kxg2 a6 14. Rc1 Rae8 15. Qc2
Nh7 16. d4 exd4 17. exd4 Re2 18. b5 Nd8 19. bxa6 bxa6 20. d5 Ng5 21. Nxg5 hxg5
22. Bxg7 Kxg7 23. Qd3 Ree8 24. c5 Rh8 25. Qd4+ f6 26. g4 dxc5 27. Rxc5 Ne6 0-1

[Event "Mittelfrankenliga 05/06 (B2a)"]
[Site "Mfr.2005/06-R7"]
[Date "2006.03.19"]
[Round "7.5"]
[White "Weh, Peter"]
[Black "Hennig, Andreas"]
[Result "1/2-1/2"]
[WhiteElo "1839"]
[BlackElo "1837"]
[Annotator "Nbg.1911/2-Siem.Erlangen1"]
[PlyCount "35"]
[EventDate "2006.03.19"]
[SourceDate "2005.10.17"]

1. c4 e6 2. g3 d5 3. Bg2 Nf6 4. cxd5 exd5 5. d4 Bb4+ 6. Nd2 O-O 7. Ngf3 Ne4 8.
O-O Nxd2 9. Nxd2 c6 10. a3 Bd6 11. Nf3 Re8 12. Qc2 Qf6 13. Re1 Bf5 14. Qb3 b5
15. Bg5 Qg6 16. Rac1 Be4 17. Bd2 a5 18. Qd1 1/2-1/2

[Event "Mittelfrankenliga 05/06 (B2a)"]
[Site "Mfr.2005/06-R7"]
[Date "2006.03.19"]
[Round "7.6"]
[White "Zimmer, Frank,Dr."]
[Black "Ziegler, Ronald"]
[Result "1/2-1/2"]
[WhiteElo "1807"]
[BlackElo "1876"]
[Annotator "Nbg.1911/2-Siem.Erlangen1"]
[PlyCount "70"]
[EventDate "2006.03.19"]
[SourceDate "2005.10.17"]

1. e4 d5 2. exd5 Nf6 3. d4 Nxd5 4. Bc4 Bf5 5. Nc3 e6 6. a3 Nc6 7. Nf3 Nb6 8.
Bb5 Bd6 9. Qe2 O-O 10. Bxc6 bxc6 11. O-O Qf6 12. Ne4 Qg6 13. Nh4 Qg4 14. Qxg4
Bxg4 15. Nxd6 cxd6 16. Bf4 Rfd8 17. h3 Be2 18. Rfe1 Ba6 19. b3 c5 20. Bxd6 cxd4
21. Bc7 Rd7 22. Bxb6 axb6 23. Rad1 Rc8 24. c4 b5 25. cxb5 Bxb5 26. Nf3 d3 27.
a4 Ba6 28. b4 Bc4 29. Ne5 Rd5 30. Re4 Bb3 31. Rxd3 Rxd3 32. Nxd3 Bxa4 33. Nc5
Bc6 34. Rd4 Kf8 35. f3 Ke7 1/2-1/2

[Event "Mittelfrankenliga 05/06 (B2a)"]
[Site "Mfr.2005/06-R7"]
[Date "2006.03.19"]
[Round "7.7"]
[White "Avdic, Klaudio"]
[Black "Huger, Horst"]
[Result "1/2-1/2"]
[WhiteElo "1721"]
[BlackElo "1825"]
[Annotator "Nbg.1911/2-Siem.Erlangen1"]
[PlyCount "63"]
[EventDate "2006.03.19"]
[SourceDate "2005.10.17"]

1. d4 d5 2. Nf3 Nf6 3. e3 Bg4 4. c4 c6 5. Qb3 Qb6 6. Ne5 e6 7. Bd2 Nbd7 8. Nxg4
Nxg4 9. Bc3 f5 10. Nd2 Be7 11. Qc2 O-O 12. Be2 Ngf6 13. b4 Ne4 14. c5 Qc7 15.
a4 Nxc3 16. Qxc3 Bf6 17. f4 b6 18. Nb3 bxc5 19. Nxc5 Nxc5 20. Qxc5 Be7 21. Qc3
Qb6 22. Rb1 a5 23. b5 Bb4 24. Rxb4 axb4 25. Qxb4 cxb5 26. Bxb5 Qa5 27. Qxa5
Rxa5 28. Kd2 Rb8 29. Rc1 Kf7 30. Kc3 Rbxb5 31. axb5 Rxb5 32. Kc2 1/2-1/2

[Event "Mittelfrankenliga 05/06 (B2a)"]
[Site "Mfr.2005/06-R7"]
[Date "2006.03.19"]
[Round "7.1"]
[White "Rohrbach, Frank"]
[Black "Schatz, Christian"]
[Result "1-0"]
[WhiteElo "2079"]
[BlackElo "2113"]
[Annotator "SZ Fürth1-Eckental1"]
[PlyCount "97"]
[EventDate "2006.03.19"]
[SourceDate "2005.10.17"]

1. d4 Nf6 2. c4 g6 3. Nc3 Bg7 4. e4 d6 5. Nf3 O-O 6. Be2 c5 7. d5 b5 8. cxb5 a6
9. bxa6 Bxa6 10. O-O Qb6 11. Nd2 Nbd7 12. Nc4 Qc7 13. Bf4 Nb6 14. Ne3 Na4 15.
Nxa4 Bxe2 16. Qxe2 Rxa4 17. Nc4 Nd7 18. Qc2 Rfa8 19. a3 Nb6 20. Nxb6 Qxb6 21.
Rab1 Qb5 22. Rfe1 Rb8 23. Re3 Qc4 24. Qxc4 Rxc4 25. b3 Bd4 26. Rd3 Rc2 27. Rd2
Rc3 28. Kf1 Rcxb3 29. Rxb3 Rxb3 30. Ra2 Rb2 31. Rxb2 Bxb2 32. a4 Bc3 33. Ke2
Kf8 34. e5 dxe5 35. Kd3 Bb4 36. Bxe5 Ke8 37. Kc4 Kd7 38. Kb5 f6 39. Bf4 e6 40.
dxe6+ Kxe6 41. a5 Bxa5 42. Kxa5 Kd5 43. Kb5 c4 44. Be3 g5 45. Kb4 h5 46. Kc3 g4
47. f3 f5 48. h4 gxf3 49. gxf3 1-0

[Event "Mittelfrankenliga 05/06 (B2a)"]
[Site "Mfr.2005/06-R7"]
[Date "2006.03.19"]
[Round "7.2"]
[White "Aronow, Maxim"]
[Black "Reichenberger, Helmut,Dr."]
[Result "1-0"]
[WhiteElo "2291"]
[BlackElo "1837"]
[Annotator "SZ Fürth1-Eckental1"]
[PlyCount "109"]
[EventDate "2006.03.19"]
[SourceDate "2005.10.17"]

1. e4 d6 2. d4 Nf6 3. Nc3 c6 4. Bg5 Nbd7 5. Nf3 e5 6. Bc4 Be7 7. O-O O-O 8. Bb3
a6 9. a4 exd4 10. Qxd4 Nc5 11. Rad1 Nxb3 12. cxb3 Be6 13. b4 d5 14. Qe3 Ng4 15.
Qc1 Bxg5 16. Nxg5 h6 17. Nf3 Nf6 18. Qe3 Qe7 19. e5 Nd7 20. h3 Rae8 21. Rfe1 f6
22. exf6 Nxf6 23. Qd3 Nh5 24. Nd4 Nf4 25. Qg3 Qf7 26. f3 Bd7 27. Nce2 Qg6 28.
Qxg6 Nxg6 29. Kf2 Re7 30. Nc1 Rxe1 31. Rxe1 Kf7 32. Nd3 Re8 33. Rxe8 Kxe8 34.
g4 Nf8 35. Nc5 Bc8 36. f4 Kf7 37. Ke3 b6 38. Nd3 Bd7 39. a5 bxa5 40. bxa5 Ke7
41. Nc5 Bc8 42. b4 Kd6 43. Nf5+ Bxf5 44. gxf5 Nd7 45. Nxa6 Ke7 46. Kd4 Kd6 47.
Kd3 Ke7 48. Ke3 Kf6 49. Nc7 Kxf5 50. a6 Nb6 51. a7 d4+ 52. Kxd4 Kxf4 53. Kc5
Nd7+ 54. Kxc6 Ne5+ 55. Kb5 1-0

[Event "Mittelfrankenliga 05/06 (B2a)"]
[Site "Mfr.2005/06-R7"]
[Date "2006.03.19"]
[Round "7.3"]
[White "Theimer, Matthias"]
[Black "Hepting, Heinrich"]
[Result "1-0"]
[WhiteElo "1748"]
[BlackElo "2155"]
[Annotator "SZ Fürth1-Eckental1"]
[PlyCount "106"]
[EventDate "2006.03.19"]
[SourceDate "2005.10.17"]

1. c4 f5 2. d4 Nf6 3. Nc3 g6 4. Nf3 Bg7 5. e3 d6 6. Be2 O-O 7. O-O Nbd7 8. b4
h6 9. Qc2 c6 10. Bb2 e5 11. Rad1 e4 12. Nh4 Kh7 13. g3 d5 14. b5 Nb6 15. c5
Nbd7 16. a4 Ng8 17. Ra1 g5 18. Ng2 Ne7 19. a5 a6 20. bxa6 bxa6 21. Na4 Ng6 22.
Nb6 Ra7 23. Bc3 Nf6 24. Nxc8 Qxc8 25. Rab1 f4 26. exf4 gxf4 27. gxf4 Qh3 28. f3
e3 29. Nxe3 Ne4 30. Ng2 Nxc3 31. Qxc3 Nxf4 32. Nxf4 Rxf4 33. Qd3+ Kg8 34. Qg6
Kh8 35. Rf2 Bf8 36. Qxc6 Rg7+ 37. Kh1 Qh4 38. Rg2 Rf6 39. Qxd5 Rxg2 40. Kxg2
Rg6+ 41. Kf1 Qh3+ 42. Kf2 Re6 43. Ke1 Be7 44. Rb8+ Kg7 45. Rb7 Qh4+ 46. Kd1 Re3
47. Qc4 Qxh2 48. d5 Re5 49. d6 Qg1+ 50. Bf1 Rd5+ 51. Qxd5 Qxf1+ 52. Kc2 Qf2+
53. Qd2 Qxc5+ 1-0

[Event "Mittelfrankenliga 05/06 (B2a)"]
[Site "Mfr.2005/06-R7"]
[Date "2006.03.19"]
[Round "7.4"]
[White "Stolpynskyy, Mark"]
[Black "Bauer, Klaus[66]"]
[Result "1-0"]
[WhiteElo "2114"]
[BlackElo "1798"]
[Annotator "SZ Fürth1-Eckental1"]
[PlyCount "91"]
[EventDate "2006.03.19"]
[SourceDate "2005.10.17"]

1. d4 d5 2. Nf3 Nf6 3. c4 e6 4. g3 dxc4 5. Bg2 c5 6. O-O Nc6 7. Qa4 Bd7 8. Qxc4
b5 9. Qd3 c4 10. Qd1 Rc8 11. Nbd2 Qb6 12. e3 Be7 13. Qe2 O-O 14. Rd1 Rfd8 15.
Nb1 Be8 16. Bd2 Nb4 17. Bxb4 Bxb4 18. Nc3 Nd5 19. Qc2 h6 20. a3 Nxc3 21. bxc3
Be7 22. Rdb1 Qa5 23. Qb2 a6 24. Ne5 Qc7 25. Be4 Bd6 26. f4 Qe7 27. Bg2 f6 28.
Ng4 Rb8 29. Nf2 f5 30. Re1 Qc7 31. e4 Bf8 32. exf5 exf5 33. Qc2 g6 34. Nd1 Bc6
35. Ne3 Bxg2 36. Qxg2 Qb7 37. Qf2 Re8 38. g4 fxg4 39. Nxg4 Rxe1+ 40. Qxe1 Qe7
41. Ne5 Rb6 42. Qe4 Qe6 43. Kh1 Kh7 44. Rg1 Qf5 45. Qxf5 gxf5 46. Nd7 1-0

[Event "Mittelfrankenliga 05/06 (B2a)"]
[Site "Mfr.2005/06-R7"]
[Date "2006.03.19"]
[Round "7.5"]
[White "Collin, Klaus"]
[Black "Schatz, Werner[33]"]
[Result "1/2-1/2"]
[WhiteElo "1856"]
[BlackElo "2010"]
[Annotator "SZ Fürth1-Eckental1"]
[PlyCount "105"]
[EventDate "2006.03.19"]
[SourceDate "2005.10.17"]

1. d4 d6 2. e4 Nf6 3. Nc3 g6 4. Bc4 Bg7 5. Nge2 O-O 6. O-O c6 7. Rb1 Nbd7 8. b4
d5 9. exd5 Nb6 10. Bd3 cxd5 11. a4 Bd7 12. a5 Na4 13. Nb5 a6 14. Na3 b5 15.
axb6 Nxb6 16. b5 axb5 17. Nxb5 Nc4 18. Bf4 Bxb5 19. Rxb5 Qd7 20. Bxc4 dxc4 21.
Qb1 Nd5 22. Bg3 e6 23. c3 Rfc8 24. Qb2 Bh6 25. Rb1 Bf8 26. Rb7 Qa4 27. Nf4 Nxf4
28. Bxf4 Qc6 29. h3 Bg7 30. Qe2 Ra1 31. Qb2 Rxb1+ 32. Qxb1 h6 33. Rb8 g5 34.
Rxc8+ Qxc8 35. Qb8 Qxb8 36. Bxb8 f5 37. Kf1 Kf7 38. g3 h5 39. Ke2 g4 40. hxg4
hxg4 41. Kd2 Bh6+ 42. Kc2 Ke8 43. Be5 Kd7 44. Kd1 Kc6 45. Ke1 Kd5 46. Bc7 Ke4
47. Be5 Bg5 48. Bc7 Be7 49. Bf4 Ba3 50. Bc7 Bc1 51. Bd6 Bg5 52. Bc7 Bh6 53. Bd6
1/2-1/2

[Event "Mittelfrankenliga 05/06 (B2a)"]
[Site "Mfr.2005/06-R7"]
[Date "2006.03.19"]
[Round "7.6"]
[White "Pidtoptanyy, Igor"]
[Black "Laibold, Lorenz"]
[Result "1-0"]
[WhiteElo "1871"]
[BlackElo "1793"]
[Annotator "SZ Fürth1-Eckental1"]
[PlyCount "123"]
[EventDate "2006.03.19"]
[SourceDate "2005.10.17"]

1. e4 c5 2. c3 Nf6 3. e5 Nd5 4. d4 cxd4 5. cxd4 e6 6. Bc4 Bb4+ 7. Bd2 Bxd2+ 8.
Qxd2 Nb6 9. Bb3 Nc6 10. Nf3 d6 11. exd6 Qxd6 12. Nc3 O-O 13. O-O Rd8 14. Qg5 h6
15. Qe3 Nxd4 16. Nxd4 Qxd4 17. Rad1 Qf6 18. Rxd8+ Qxd8 19. Rd1 Qf6 20. Nb5 Bd7
21. Nxa7 Nd5 22. Qc5 Qg6 23. Bxd5 exd5 24. Qxd5 Bf5 25. Qe5 Be4 26. g3 Bf3 27.
Rc1 Qg4 28. Qe3 Rxa7 29. h3 Qh5 30. Rc3 Bd5 31. g4 Qg6 32. Qxa7 Qb1+ 33. Kh2
Qh1+ 34. Kg3 g5 35. f3 Bc6 36. Qf2 Qd1 37. Kg2 Qd7 38. Qc2 h5 39. Qd3 hxg4 40.
Qxd7 gxf3+ 41. Kg3 Bxd7 42. Rxf3 f5 43. Rd3 Be6 44. a3 Kf7 45. Kf2 Kf6 46. Rd8
Ke5 47. h4 gxh4 48. Rh8 Bd5 49. Rxh4 Be4 50. Ke3 Kd5 51. b3 Ke5 52. Rf4 Kd5 53.
Rf2 Ke6 54. Kd4 Kd6 55. Rh2 Kc6 56. a4 Kd6 57. Rh6+ Kc7 58. a5 Bc6 59. Kc5 Be4
60. b4 Bd3 61. Rf6 Kd7 62. Rf7+ 1-0

[Event "Mittelfrankenliga 05/06 (B2a)"]
[Site "Mfr.2005/06-R7"]
[Date "2006.03.19"]
[Round "7.7"]
[White "Hager, Lothar"]
[Black "Bavin, Fedor"]
[Result "0-1"]
[WhiteElo "1551"]
[BlackElo "1675"]
[Annotator "SZ Fürth1-Eckental1"]
[PlyCount "110"]
[EventDate "2006.03.19"]
[SourceDate "2005.10.17"]

1. Nf3 d5 2. g3 Nc6 3. Bg2 e5 4. d3 Nf6 5. O-O Bf5 6. h3 h5 7. Nbd2 Qd7 8. c3
Bxh3 9. Bxh3 Qxh3 10. Ng5 Qg4 11. Ndf3 h4 12. Nh2 Qd7 13. Kg2 hxg3 14. fxg3
O-O-O 15. Be3 d4 16. Bf2 Bd6 17. Nhf3 Rh5 18. Rh1 Rdh8 19. Qb3 Rxh1 20. Rxh1
Rxh1 21. Kxh1 Ng4 22. Kg2 Nxf2 23. Kxf2 f6 24. Ne4 Be7 25. Qg8+ Bd8 26. Qb3 b6
27. Qc4 f5 28. Neg5 Kb7 29. cxd4 exd4 30. b4 Bf6 31. a3 Ne5 32. Nxe5 Bxe5 33.
Ne6 Qd6 34. Nf4 Bxf4 35. gxf4 Qxf4+ 36. Ke1 Qe5 37. b5 Qd6 38. a4 g5 39. Qf7 f4
40. Qf5 Qd8 41. Qe4+ Kb8 42. Qe5 a6 43. Kf2 Ka7 44. Kf3 axb5 45. axb5 Kb8 46.
Kf2 Kb7 47. Qe4+ Kb8 48. Qe5 g4 49. Qxf4 Qh4+ 50. Kf1 Qh3+ 51. Kf2 Qe3+ 52.
Qxe3 dxe3+ 53. Kxe3 c6 54. bxc6 Kc7 55. Kf4 b5 0-1

[Event "Mittelfrankenliga 05/06 (B2a)"]
[Site "Mfr.2005/06-R7"]
[Date "2006.03.19"]
[Round "7.8"]
[White "Engel, Georg[49]"]
[Black "Koestner, Marius"]
[Result "1-0"]
[WhiteElo "1506"]
[BlackElo "1691"]
[Annotator "SZ Fürth1-Eckental1"]
[PlyCount "87"]
[EventDate "2006.03.19"]
[SourceDate "2005.10.17"]

1. Nf3 Nc6 2. c4 e5 3. d3 Nf6 4. g3 Bc5 5. Bg2 Ng4 6. O-O f5 7. Nbd2 d6 8. a3
a5 9. Nb3 Bb6 10. h3 Nf6 11. Bg5 h6 12. Be3 Bxe3 13. fxe3 Nh5 14. Kh2 O-O 15.
Rc1 Be6 16. Nbd2 Qf6 17. Qe1 f4 18. exf4 exf4 19. Ne4 Qe7 20. g4 Nf6 21. Nh4
Bf7 22. Rxf4 Nxe4 23. Rxe4 Qd7 24. Re3 Nd4 25. Qc3 c5 26. Nf3 Ne6 27. Nh4 Rfe8
28. Nf5 Bg6 29. Bd5 Bf7 30. Rf1 Nd4 31. Bxf7+ Qxf7 32. Nxh6+ gxh6 33. Rxf7 Rxe3
34. Rf2 Rae8 35. Qxa5 Nxe2 36. Qc7 R3e6 37. Qf7+ Kh8 38. Rf6 Rxf6 39. Qxf6+ Kg8
40. Qg6+ Kf8 41. Qxh6+ Kf7 42. Qxd6 Nd4 43. Qf4+ Kg7 44. Kg2 1-0

[Event "Mittelfrankenliga 05/06 (B2b)"]
[Site "Mfr.2005/06-R7"]
[Date "2006.03.19"]
[Round "7.1"]
[White "Hetzner, Helmut"]
[Black "Schulze, Hubertus"]
[Result "0-1"]
[WhiteElo "1934"]
[BlackElo "2056"]
[Annotator "NT Nbg.4-SK Schwabach2"]
[PlyCount "106"]
[EventDate "2006.03.19"]
[SourceDate "2005.10.17"]

1. e4 c6 2. d4 d5 3. e5 h5 4. Bd3 Bg4 5. f3 Bd7 6. Ne2 e6 7. c3 c5 8. Be3 Qb6
9. Qc1 Nc6 10. dxc5 Nxe5 11. cxb6 Nxd3+ 12. Kd2 Nxc1 13. Kxc1 a5 14. Nd2 Ne7
15. Nb3 Nc8 16. Re1 Be7 17. Nf4 g6 18. Kc2 O-O 19. Rad1 Ba4 20. Nd3 Re8 21.
Ndc5 Bxc5 22. Bxc5 Ra6 23. Rd4 Bc6 24. f4 a4 25. Nd2 Nxb6 26. Nf3 Nd7 27. Bb4
Raa8 28. Ne5 Nf6 29. h3 Kg7 30. c4 dxc4 31. Nxc6 Nd5 32. Rxc4 Rec8 33. Bc3+
Nxc3 34. bxc3 Rxc6 35. Ree4 Rxc4 36. Rxc4 Ra5 37. Rb4 b5 38. Kd3 Kf6 39. Kd4
Kf5 40. Kc5 Ra8 41. Kxb5 a3 42. g3 f6 43. c4 h4 44. g4+ Kxf4 45. c5+ Kg3 46.
Rb3+ Kf2 47. Kc6 e5 48. Kb7 Rf8 49. c6 e4 50. c7 e3 51. Rb6 e2 52. c8=Q Rxc8
53. Rxf6+ Kg3 0-1

[Event "Mittelfrankenliga 05/06 (B2b)"]
[Site "Mfr.2005/06-R7"]
[Date "2006.03.19"]
[Round "7.2"]
[White "Ackermann, Robert"]
[Black "Greul, Hans"]
[Result "1-0"]
[WhiteElo "1922"]
[BlackElo "2029"]
[Annotator "NT Nbg.4-SK Schwabach2"]
[PlyCount "89"]
[EventDate "2006.03.19"]
[SourceDate "2005.10.17"]

1. b4 e6 2. Bb2 Nf6 3. b5 d5 4. e3 c5 5. Nf3 Be7 6. Be2 O-O 7. O-O Nbd7 8. a4
a5 9. c4 b6 10. d4 Bb7 11. Nbd2 Rc8 12. Rc1 cxd4 13. Nxd4 Rc7 14. cxd5 Nxd5 15.
Nc6 Bxc6 16. bxc6 Nc5 17. Bb5 Rc8 18. Nc4 Qc7 19. Be5 Qa7 20. Bd4 Nb4 21. Qg4
g6 22. Ne5 f5 23. Qe2 Qc7 24. Bxc5 bxc5 25. Nd7 Rfd8 26. Nxc5 Bxc5 27. Rxc5 Rd5
28. Rxd5 exd5 29. Rc1 Qd6 30. Rc3 Rc7 31. Qd2 Qe5 32. g3 Kf7 33. Rc5 Ke7 34.
Kg2 Kd6 35. Rc1 Re7 36. f3 Kc7 37. Kf2 Re6 38. Rc5 Qd6 39. Qc3 Qe5 40. Qd2 Re7
41. Be2 Kb6 42. Rb5+ Kxc6 43. Rxa5 Qd6 44. Qc3+ Kd7 45. Rc5 1-0